Mediace a další vybrané formy mimosoudního řešení sporů ve zdravotnictví /

Hlavní autor: Kotula, Jan
Další autoři: Doležal, Tomáš, 1976-
Jazyk: Čeština
Vydáno: Olomouc : Iuridicum Olomoucense, o.p.s. ve spolupráci s Právnickou fakultou Univerzity Palackého v Olomouci, 2015
Vydání: 1. vydání
Edice: Acta iuridica Olomucensia. Monografie a studie
Témata:
Fyzický popis: 86 stran ; 21 cm
Language note: Anglické resumé
Knihy
Uloženo v:
LEADER 02475nam a2200649 i 4500
001 nkc20162783527
003 CZ PrNK
005 20180917095018.0
007 ta
008 160309s2015 xr f 000 0 cze
015 |a cnb002783527 
020 |a 978-80-87382-72-1  |q (Iuridicum Olomoucense ;  |q brožováno) 
035 |a (OCoLC)946295751 
040 |a ABA001  |b cze  |e rda 
041 0 |a cze  |b eng 
043 |a e-xr---  |a e------ 
072 7 |a 347  |x Soukromé právo  |2 Konspekt  |9 16 
080 |a 347.965.42  |2 MRF 
080 |a 347.996  |2 MRF 
080 |a 616-00  |2 MRF 
080 |a 614.2  |2 MRF 
080 |a (437.3)  |2 MRF 
080 |a (4)  |2 MRF 
080 |a (048.8:082)  |2 MRF 
100 1 |a Kotula, Jan  |7 mzk2015870105  |4 aut 
245 1 0 |a Mediace a další vybrané formy mimosoudního řešení sporů ve zdravotnictví /  |c Jan Kotula, Tomáš Doležal 
250 |a 1. vydání 
264 1 |a Olomouc :  |b Iuridicum Olomoucense, o.p.s. ve spolupráci s Právnickou fakultou Univerzity Palackého v Olomouci,  |c 2015 
300 |a 86 stran ;  |c 21 cm 
336 |a text  |b txt  |2 rdacontent 
337 |a bez média  |b n  |2 rdamedia 
338 |a svazek  |b nc  |2 rdacarrier 
490 1 |a Acta iuridica Olomucensia. Monografie a studie 
504 |a Obsahuje bibliografii a bibliografické odkazy 
546 |a Anglické resumé 
650 0 7 |a mediace  |7 ph137291  |z Česko  |2 czenas 
650 0 7 |a mediace  |7 ph137291  |z Evropa  |2 czenas 
650 0 7 |a alternativní řešení sporů  |7 ph316344  |z Česko  |2 czenas 
650 0 7 |a alternativní řešení sporů  |7 ph316344  |z Evropa  |2 czenas 
650 0 7 |a poškození zdraví  |7 ph446676  |2 czenas 
650 0 7 |a zdravotnictví  |7 ph127574  |2 czenas 
650 0 9 |a mediation  |z Czechia  |2 eczenas 
650 0 9 |a mediation  |z Europe  |2 eczenas 
650 0 9 |a alternative dispute resolution  |z Czechia  |2 eczenas 
650 0 9 |a alternative dispute resolution  |z Europe  |2 eczenas 
650 0 9 |a health damage  |2 eczenas 
650 0 9 |a health service  |2 eczenas 
655 7 |a kolektivní monografie  |7 fd501537  |2 czenas 
655 9 |a collective monographs  |2 eczenas 
700 1 |a Doležal, Tomáš,  |d 1976-  |7 xx0070154  |4 aut 
810 2 |a Univerzita Palackého.  |t Acta iuridica Olomucensia.  |p Monografie a studie  |0 s 
910 2 |a BOA001  |b 2-1364.395 
928 9 |a Univerzita Palackého, Právnická fakulta 
990 |a BK 
995 |a 01 
991 |b 201603  |c NOV 
996 6 |b 2610664229  |c 2-1364.395  |l MZK  |r Sklad / do 1 hodiny  |n 2  |p p.v.  |w 001551201  |u 000010  |a 1  |e BOA001  |j MZK50  |s P